वास्तूशास्त्र (Record no. 470323)

MARC details
000 -LEADER
fixed length control field 00504nam a2200145Ia 4500
008 - FIXED-LENGTH DATA ELEMENTS--GENERAL INFORMATION
fixed length control field 100204s9999 xx 000 0 und d
082 ## - DEWEY DECIMAL CLASSIFICATION NUMBER
Item number 25142
100 ## - MAIN ENTRY--PERSONAL NAME
Personal name तारखेडकर ए. आर.
245 ## - TITLE STATEMENT
Title वास्तूशास्त्र
260 ## - PUBLICATION, DISTRIBUTION, ETC. (IMPRINT)
Name of publisher, distributor, etc कॉस्मो पब्लिशिंग हाऊस इंडिया
Date of publication, distribution, etc 2001 6
300 ## - PHYSICAL DESCRIPTION
Extent 167
630 ## - SUBJECT ADDED ENTRY--UNIFORM TITLE
Uniform title वास्तूशास्त्र
730 ## - ADDED ENTRY--UNIFORM TITLE
Uniform title वास्तूशास्त्र
942 ## - ADDED ENTRY ELEMENTS (KOHA)
Koha item type Book
Holdings
Withdrawn status Lost status Damaged status Not for loan Home library Current library Date acquired Cost, normal purchase price Total Checkouts Full call number Barcode Date last seen Cost, replacement price Price effective from Koha item type
        N. C. Kelkar Sarvajanik Library, Mulund N. C. Kelkar Sarvajanik Library, Mulund 03/01/2002 90.00   25142 NCKMULUND-25142 02/04/2010 90.00 02/04/2010 Book